00372pab a2200121 454500008004000000100001800040245012200058260000900180300001500189362000800204650002300212773001500235180718b2011 xxu||||| |||| 00| 0 eng d aProsser, Tony a"An opportunity to take a more fundamental look at the role of government society": The spending review as regulation c2011 ap.596-616. aJul aPublic expenditure aPublic Law